000 00324nam a22001337a 4500
008 170926b xxu||||| |||| 00| 0 eng d
020 _a9780312656638
041 _aeng
080 _29 ED
_a37
100 _a46
101 _aEDU
245 _aTHE BEDFORD GUIDE FOR COLLEGE WRITERS
_cKENNEDY.X.J
942 _2udc
_cBK
999 _c29915
_d29915